| 000 | 00579nam a22002057a 4500 | ||
|---|---|---|---|
| 003 | LK-CoDNM | ||
| 005 | 20241014104411.0 | ||
| 008 | 241014b |||||||| |||| 00| 0 eng d | ||
| 040 |
_aLK-CoDNM _dLK-CoDNM _eLK-CoDNM |
||
| 041 | _asin | ||
| 080 |
_aප්ර.ක _b40 |
||
| 100 | _aUnknown | ||
| 245 |
_aකිරණ _bවිද්යා සඟරාව _c1 කාණ්ඩය |
||
| 260 | _c1961-1962 | ||
| 650 | _aප්ර.ක 40 | ||
| 650 | _aකිරණ | ||
| 650 | _aවිද්යා සඟරාව | ||
| 650 | _a1 කාණ්ඩය | ||
| 942 | _cBK | ||
| 999 |
_c219168 _d219168 |
||